I Met Them (Record no. 41121)
[ view plain ]
| 000 -LEADER | |
|---|---|
| fixed length control field | 00253nam a2200109Ia 4500 |
| 008 - FIXED-LENGTH DATA ELEMENTS--GENERAL INFORMATION | |
| fixed length control field | 240719s9999 xx 000 0 und d |
| 041 ## - LANGUAGE CODE | |
| Language code of text/sound track or separate title | eng |
| 082 ## - DEWEY DECIMAL CLASSIFICATION NUMBER | |
| Classification number | 823 GUL |
| 100 ## - MAIN ENTRY--PERSONAL NAME | |
| Personal name | Gulzar Actually. |
| 245 ## - TITLE STATEMENT | |
| Title | I Met Them |
| 260 ## - PUBLICATION, DISTRIBUTION, ETC. | |
| Place of publication, distribution, etc. | Gurgaon |
| Name of publisher, distributor, etc. | Penguin, |
| Date of publication, distribution, etc. | 2017 |
| Withdrawn status | Lost status | Damaged status | Not for loan | Home library | Current library | Shelving location | Date acquired | Full call number | Barcode | Date last seen | Price effective from | Koha item type |
|---|---|---|---|---|---|---|---|---|---|---|---|---|
| IMTN | IMTN | Rack 40-B | 01/19/2022 | 823 GUL | 32816 | 07/19/2024 | 07/19/2024 | Books |